000
00195 a2200097 4500
001
42693
100
_a
Farran
245
_a
Winged dagger
260
_a
London
_b
Collins
_c
090
_c
26587
_d
26587
942
_a
NUST-CAE
_c
M
_c
18432
999
_c
277766
_d
277766